000 00896cam a22002413a 4500
001 31666
003 PGUSA
005 20140828083702.0
008 100316s2010||||xxu|||||s|||||000 p eng d
040 _aPGUSA
_beng
042 _adc
050 4 _aPR
100 1 _aWilson, John,
_d1785-1854
245 1 0 _aRecreations of Christopher North, Volume 1
_h[electronic resource] /
_cJohn Wilson
260 _bProject Gutenberg,
_c2010
505 0 _aChristopher in his sporting jacket -- Tale of expiation -- Morning monologue -- The field of flowers -- Cottages -- An hour's talk about poetry -- Inch-cruin -- A day at Windermere -- The moors -- Highland snow-storm -- The Holy Child -- Our parish.
506 _aPublic domain in the USA.
516 _aElectronic text
653 _aEssays
830 0 _aProject Gutenberg
_v31666
856 4 0 _uhttp://www.gutenberg.org/ebooks/31666
942 _cEB
999 _c260921
_d260921